000 00246nam a2200109Ia 4500
008 240625s9999 xx 000 0 und d
041 _aeng
082 _a657 ATK
100 _aATKINSON ANTHONY A
245 _aMANAGEMENT ACCOUNTING
260 _c2009
999 _c39208
_d39208